000 00653nam a22001937a 4500
999 _c166473
_d166473
005 20190724162921.0
010 _aUR-10276
020 _c100.00
_a9789388356398
035 _aU-8831
037 _bDBAD/PUB
082 _a841
100 _aخو شبو پر و ين
245 _aخو شبو کی آ و ا ز
_cخو شبو پر و ين
246 _bKhushboo ki Aawaz (Urdu)
_aby Khushboo Parveen
260 _a Delhi
_bEducational Publishing House
_c2018 ء
270 _a3191،Vakil Street,Kucha Pandit,Lal Kuan,
_bDelhi
_e110006
_k23216162
_l00911123211540
300 _a112 ص
_c22 Cm(Hb)
942 _2ddc
_cUR
_h841
_mخ و ش